Statistics for Countries with the most World Heritage Sites

Click here to take the quiz!

General Stats

  • This quiz has been taken 38 times
  • The average score is 17 of 20

Answer Stats

RegionNumber of sitesAnswer% Correct
East Asia52China
100%
Western/Southern Europe53Italy
97%
North America34Mexico
97%
South Asia36India
94%
Oceania19Australia
91%
North America23United States
91%
South America21Brazil
88%
Western Europe43France
88%
Western/Central Europe42Germany
88%
Western/Southern Europe46Spain
88%
Southern Europe18Greece
85%
Western Europe31United Kingdom
85%
North America18Canada
82%
East Asia21Japan
82%
Eastern Europe28Russia
82%
Middle East22Iran
76%
Scandinavia13Sweden
71%
Central/Eastern Europe14Poland
65%
Western/Southern Europe14Portugal
62%
Middle East17Turkey
53%

Score Distribution

Percentile by Number Answered

Percent of People with Each Score

Your Score History

You have not taken this quiz